Dilapidations: repair or settle? (Record no. 70035)
[ view plain ]
| 000 -LEADER | |
|---|---|
| fixed length control field | 01368cam a2200265 4500 |
| 001 - CONTROL NUMBER | |
| control field | ABS65407 |
| 008 - FIXED-LENGTH DATA ELEMENTS--GENERAL INFORMATION | |
| fixed length control field | 020422n2002 000 0 eng u |
| 035 ## - SYSTEM CONTROL NUMBER | |
| System control number | (Sirsi) u117614 |
| 100 ## - MAIN ENTRY--PERSONAL NAME | |
| Personal name | Pincott, D |
| 245 ## - TITLE STATEMENT | |
| Title | Dilapidations: repair or settle? |
| 260 ## - PUBLICATION, DISTRIBUTION, ETC. | |
| Date of publication, distribution, etc. | 2002 |
| 490 ## - SERIES STATEMENT | |
| Series statement | Facilities Management |
| Volume/sequential designation | 9(6) March 2002, 24-25(2) |
| 520 ## - SUMMARY, ETC. | |
| Summary, etc. | Examines dilapidations and the choice tenants face between carrying out repair work or negotiating a financial settlement. Explains the normal procedure tenants should expect when landlords serve a Schedule of Dilapidations and advises tenants to employ the services of a chartered surveyor and specialist solicitor. Looks at common scenarios that may happen at the end of a commercial lease, outlining how the tenant's surveyor and/or solicitor may respond: carrying out repair works; negotiating a financial settlement; delaying a settlement; responding to improvements subsequently undertaken by the landlord; no action; and limiting damages. Also explains leases that include a break clause and part 36 offers. |
| 590 ## - LOCAL NOTE (RLIN) | |
| Local note | ABS |
| 650 ## - SUBJECT ADDED ENTRY--TOPICAL TERM | |
| Topical term or geographic name entry element | Dilapidations |
| 9 (RLIN) | 6235 |
| 650 ## - SUBJECT ADDED ENTRY--TOPICAL TERM | |
| Topical term or geographic name entry element | BREAK CLAUSES |
| 650 ## - SUBJECT ADDED ENTRY--TOPICAL TERM | |
| Topical term or geographic name entry element | PART 36 OFFERS |
| 650 ## - SUBJECT ADDED ENTRY--TOPICAL TERM | |
| Topical term or geographic name entry element | DAMAGES |
| 650 ## - SUBJECT ADDED ENTRY--TOPICAL TERM | |
| Topical term or geographic name entry element | DISREPAIR |
| 650 ## - SUBJECT ADDED ENTRY--TOPICAL TERM | |
| Topical term or geographic name entry element | SETTLEMENTS |
| 650 ## - SUBJECT ADDED ENTRY--TOPICAL TERM | |
| Topical term or geographic name entry element | WORKS OF REPAIR |
| 690 ## - LOCAL SUBJECT ADDED ENTRY--TOPICAL TERM (OCLC, RLIN) | |
| Topical term or geographic name as entry element | Dilapidations |
| 9 (RLIN) | 6235 |
| 700 ## - ADDED ENTRY--PERSONAL NAME | |
| Personal name | Shortall, D |
| 942 ## - ADDED ENTRY ELEMENTS (KOHA) | |
| Suppress in OPAC | 0 |
| Withdrawn status | Lost status | Source of classification or shelving scheme | Damaged status | Not for loan | Home library | Current library | Shelving location | Date acquired | Total Checkouts | Full call number | Barcode | Date last seen | Copy number | Price effective from | Koha item type |
|---|---|---|---|---|---|---|---|---|---|---|---|---|---|---|---|
| Dewey Decimal Classification | London | London | Journal article | 22/04/2002 | ABS65407 | 117614-1001 | 06/08/2019 | 1 | 06/08/2019 | Journal article |